Henry Maryn Institute of Islamic Studies (Record no. 6609)

MARC details
000 -LEADER
fixed length control field 00308nam a22001217a 4500
082 00 - DEWEY DECIMAL CLASSIFICATION NUMBER
Classification number 207.54 KOO
100 ## - MAIN ENTRY--AUTHOR NAME
Author name Koovackal, George
245 ## - TITLE STATEMENT
Title Henry Maryn Institute of Islamic Studies
260 ## - PUBLICATION, DISTRIBUTION, ETC. (IMPRINT)
Place of publication Aligarh
Name of publisher Aligarh Muslim University
Year of publication 1981
300 ## - PHYSICAL DESCRIPTION
Number of Pages 102
650 ## - SUBJECT ADDED ENTRY--TOPICAL TERM
Topical Term Henry Martyn-Biography
942 ## - ADDED ENTRY ELEMENTS (KOHA)
Koha item type Reading Reference Book
Holdings
Home library Current library Date acquired Source of acquisition Cost, normal purchase price Full call number Accession Number Koha item type
Henry Martyn Institute Library Henry Martyn Institute Library 03/29/2017 George Koovackal 100.00 207.54 KOO 11196 E-Books
                   Copyright © 2026 | Henry Martyn Institute | Hyderabad | TS-500052 | INDIA | Implemented by hmi.edu.in
Hit-Count:

Powered by Koha